Aulia nikah dan bidangkuasanya : satu kajian fiqah dan undang-undang keluarga islam /
Saved in:
| Main Author: | |
|---|---|
| Format: | Thesis |
| Language: | English |
| Published: |
Petaling Jaya
: Universiti Islam Antarabangsa Malaysia,
1993
|
| Subjects: | |
| Tags: |
Add Tag
No Tags, Be the first to tag this record!
|
| LEADER | 010400000a22002530004500 | ||
|---|---|---|---|
| 001 | 71798 | ||
| 005 | 20070608233900.0 | ||
| 008 | 930907s1993 eng | ||
| 035 | |a 263659 | ||
| 035 | |a (Sirsi) 71798 | ||
| 040 | |a UIAM |b eng | ||
| 049 | |b m | ||
| 050 | |a BP158.5K13 | ||
| 100 | 0 | |a Abdul Rahman Osman | |
| 245 | 1 | 0 | |a Aulia nikah dan bidangkuasanya : |b satu kajian fiqah dan undang-undang keluarga islam / |c oleh Abdul Rahman bin Haji Osman |
| 260 | 1 | |a Petaling Jaya |b : Universiti Islam Antarabangsa Malaysia, |c 1993 | |
| 300 | |a 143 p. | ||
| 502 | |a (D.A.I.J.)--Universiti Islam Antarabangsa Malaysia, 1993 | ||
| 596 | |a 1 | ||
| 650 | 0 | |a Marriage (Islamic law) | |
| 900 | |a zms-bal-naw | ||
| 999 | |c 430353 |d 461844 | ||
| 952 | |0 0 |6 LU T BP158.5K13A1356A 1993 |7 0 |8 THESES |9 749583 |a IIUM |b IIUM |c CLOSEACCES |g 0.00 |o lu t BP158.5K13A1356A 1993 |p 00000263660 |r 2017-10-24 |t 1 |v 0.00 |y THESIS | ||
| 952 | |0 0 |6 T BP158.5K13A1356A 1993 |7 0 |8 THESES |9 749584 |a IIUM |b IIUM |c MULTIMEDIA |g 0.00 |o t BP158.5K13A1356A 1993 |p 00010981755 |r 2017-10-17 |t 1 |v 0.00 |y THESIS | ||
